<?xml version="1.0" encoding="UTF-8"?>
<record
    xmlns:xsi="http://www.w3.org/2001/XMLSchema-instance"
    xsi:schemaLocation="http://www.loc.gov/MARC21/slim http://www.loc.gov/standards/marcxml/schema/MARC21slim.xsd"
    xmlns="http://www.loc.gov/MARC21/slim">

  <leader>00703nam a22002057a 4500</leader>
  <controlfield tag="005">20241114170615.0</controlfield>
  <datafield tag="010" ind1=" " ind2=" ">
    <subfield code="a">ENG-142615</subfield>
  </datafield>
  <datafield tag="020" ind1=" " ind2=" ">
    <subfield code="a">9789356063983</subfield>
    <subfield code="c">670.00</subfield>
  </datafield>
  <datafield tag="035" ind1=" " ind2=" ">
    <subfield code="a">EN-126147</subfield>
  </datafield>
  <datafield tag="037" ind1=" " ind2=" ">
    <subfield code="b">DBAD</subfield>
  </datafield>
  <datafield tag="082" ind1=" " ind2=" ">
    <subfield code="a">610.73</subfield>
    <subfield code="2">4</subfield>
  </datafield>
  <datafield tag="100" ind1=" " ind2=" ">
    <subfield code="a">Tabloski, Patricia A. </subfield>
    <subfield code="9">73967</subfield>
  </datafield>
  <datafield tag="245" ind1=" " ind2=" ">
    <subfield code="a">Genetics And Genomics For Nursing/</subfield>
    <subfield code="c">By Carole Kenner and Judith A. Lewis</subfield>
  </datafield>
  <datafield tag="250" ind1=" " ind2=" ">
    <subfield code="a">1</subfield>
  </datafield>
  <datafield tag="260" ind1=" " ind2=" ">
    <subfield code="a">Uttar Pradesh</subfield>
    <subfield code="b">Pearson India Education Services Pvt. Ltd.</subfield>
    <subfield code="c">2025</subfield>
  </datafield>
  <datafield tag="270" ind1=" " ind2=" ">
    <subfield code="a">1st Floor, Berger Tower, Plot No. C-001A/2, Sector 16B</subfield>
    <subfield code="b">Noida (Uttar Pradesh)</subfield>
    <subfield code="e">201301</subfield>
  </datafield>
  <datafield tag="300" ind1=" " ind2=" ">
    <subfield code="a">xxi, 383p.</subfield>
    <subfield code="c">28cm(pb)</subfield>
  </datafield>
  <datafield tag="700" ind1=" " ind2=" ">
    <subfield code="a">Lewis, Judith A. </subfield>
    <subfield code="e">Author</subfield>
    <subfield code="9">73968</subfield>
  </datafield>
  <datafield tag="942" ind1=" " ind2=" ">
    <subfield code="2">ddc</subfield>
    <subfield code="c">EN</subfield>
    <subfield code="h">610.73</subfield>
    <subfield code="m">KEN</subfield>
  </datafield>
  <datafield tag="999" ind1=" " ind2=" ">
    <subfield code="c">206997</subfield>
    <subfield code="d">206997</subfield>
  </datafield>
  <datafield tag="952" ind1=" " ind2=" ">
    <subfield code="0">0</subfield>
    <subfield code="1">0</subfield>
    <subfield code="4">0</subfield>
    <subfield code="7">0</subfield>
    <subfield code="8">NFIC</subfield>
    <subfield code="a">BN</subfield>
    <subfield code="b">BN</subfield>
    <subfield code="d">2024-11-14</subfield>
    <subfield code="e">Delivery of Books Act Division</subfield>
    <subfield code="g">670.00</subfield>
    <subfield code="l">0</subfield>
    <subfield code="o">610.73 KEN</subfield>
    <subfield code="p">EN-126147</subfield>
    <subfield code="r">2024-11-14 00:00:00</subfield>
    <subfield code="t">1</subfield>
    <subfield code="v">670.00</subfield>
    <subfield code="w">2024-11-14</subfield>
    <subfield code="y">EN</subfield>
  </datafield>
</record>
